Promoting public service integrity: a case for responsible accountability (Record no. 43517)

000 -LEADER
fixed length control field 01432pab a2200193 454500
008 - FIXED-LENGTH DATA ELEMENTS--GENERAL INFORMATION
fixed length control field 180718b1999 xxu||||| |||| 00| 0 eng d
100 ## - MAIN ENTRY--PERSONAL NAME
Personal name Gregory, Robert
245 ## - TITLE STATEMENT
Title Promoting public service integrity: a case for responsible accountability
260 ## - PUBLICATION, DISTRIBUTION, ETC.
Date of publication, distribution, etc. 1999
300 ## - PHYSICAL DESCRIPTION
Extent p.3-15
362 ## - DATES OF PUBLICATION AND/OR SEQUENTIAL DESIGNATION
Dates of publication and/or sequential designation Dec
520 ## - SUMMARY, ETC.
Summary, etc. We discuss below difference between the concepts of accountability and responsibility, in the context of government administration. We argue that New Zealand's public sector reforms, in particular, have depended on an essentially mechanistic as distinct from an organic interpretation of public organisations. A mechanistic approach focuses disproportionately on notions of organisational accountability at the expense of responsibility, and as a consequence may prove counterproductive over the longer term in maintaining high standards of ethical probity. A concept of responsible accountability needs to be developed further as a means of countering this possibility. We speculate on whether the emphasis on contractualism has enhanced or undermined an integrity-based as opposed to a compliance-based ethics regime, and the possible implications of this for the maintenance of ethical standards. - Reproduced
650 ## - SUBJECT ADDED ENTRY--TOPICAL TERM
Topical term or geographic name entry element Accountability
650 ## - SUBJECT ADDED ENTRY--TOPICAL TERM
Topical term or geographic name entry element Public accountability
650 ## - SUBJECT ADDED ENTRY--TOPICAL TERM
Topical term or geographic name entry element Civil service
700 ## - ADDED ENTRY--PERSONAL NAME
Personal name Hicks, Colin
773 ## - HOST ITEM ENTRY
Main entry heading Australian Journal of Public Administration
909 ## -
-- 43517
Holdings
Withdrawn status Lost status Damaged status Not for loan Permanent Location Current Location Date acquired Serial Enumeration / chronology Barcode Date last seen Price effective from Koha item type
        Indian Institute of Public Administration Indian Institute of Public Administration 2018-07-19 Volume no: 58, Issue no: 4 AR43913 2018-07-19 2018-07-19 Articles

Powered by Koha